| 000 | 00777nam a2200277 a 4500 | ||
|---|---|---|---|
| 999 |
_c8841 _d8841 |
||
| 001 | 8841 | ||
| 003 | BD-JhCC | ||
| 005 | 20180304182306.0 | ||
| 008 | 180304s1958 nyua 001 0 eng d | ||
| 035 | _a(BD-JhCC)8841 | ||
| 040 |
_aBD-JhCC _cCGU _dBD-JhCC |
||
| 041 | _aeng | ||
| 050 | 0 |
_aQC173 _b.F7217 |
|
| 082 |
_a530.1 _bRRE 1958 |
||
| 100 | 1 |
_aFrench, A. P. _q(Anthony Philip), _d1920- |
|
| 245 | 1 | 0 |
_aPrinciples of modern physics / _cA. P. French. |
| 260 |
_aNew York : _bWiley ; _aLondon : _bChapman & Hall, _c1958. |
||
| 300 |
_a355 p. : _bill. ; _c24 cm. |
||
| 500 | _aIncludes index. | ||
| 504 | _aBibliography p. 343-346. | ||
| 650 | 0 |
_aMatter _xConstitution |
|
| 650 | 0 | _aQuantum theory. | |
| 650 | 0 | _aRelativity (Physics) | |
| 942 |
_2ddc _cBK |
||